QUANTUM MECHANICS THEORY AND APPLICATIONS (Record no. 9345)
[ view plain ]
| 000 -LEADER | |
|---|---|
| fixed length control field | 00491nam a22001697a 4500 |
| 003 - CONTROL NUMBER IDENTIFIER | |
| control field | SGT |
| 020 ## - INTERNATIONAL STANDARD BOOK NUMBER | |
| International Standard Book Number | 9781403923417 |
| 082 ## - DEWEY DECIMAL CLASSIFICATION NUMBER | |
| Classification number | 530.12,GHA |
| 100 ## - MAIN ENTRY--PERSONAL NAME | |
| Personal name | GHATAK,AJOY |
| 245 ## - TITLE STATEMENT | |
| Title | QUANTUM MECHANICS THEORY AND APPLICATIONS |
| 250 ## - EDITION STATEMENT | |
| Edition statement | 5TH |
| 260 ## - PUBLICATION, DISTRIBUTION, ETC. (IMPRINT) | |
| Place of publication, distribution, etc | NEW DELHI |
| Name of publisher, distributor, etc | MACMILAN |
| Year of Publication | 2013 |
| 300 ## - PAGE DESCRIPTION | |
| No. of Pages | 762 |
| 650 ## - SUBJECT ADDED ENTRY--TOPICAL TERM | |
| Topical term or geographic name as entry element | QUANTUM MECHANICS |
| 653 ## - KEYWORDS--INDEX TERM | |
| Keyword term | MATHEMATICAL PRELIMINARIES,BASIC QUANTUM MECHANICS,LINEAR HARMONIC OSCILLATOR,ANGULAR MOMENTUM,EFFECTS OF MAGNETIC FIELD |
| 942 ## - ADDED ENTRY ELEMENTS (KOHA) | |
| Source of classification or shelving scheme | Dewey Decimal Classification |
| Koha item type | FPS Books |
| Withdrawn status | Lost status | Source of classification or shelving scheme | Damaged status | Not for loan | Collection code | Home library | Current library | Shelving location | Date acquired | Vendor Name | Cost, normal purchase price | SGTU | Bill Number | Full call number | Accession No. (Barcode) | Date last seen | Bill Date | Koha item type | Total Checkouts | Date last borrowed |
|---|---|---|---|---|---|---|---|---|---|---|---|---|---|---|---|---|---|---|---|---|
| Dewey Decimal Classification | Not For Loan | SCIENCE | SGT Science & Social Sciences Library | SGT Science & Social Sciences Library | Reference Book | 30/06/2016 | AHUJA BOOK | 465.00 | SGTU | 6740 | 530.12,GHA | PS1523 | 30/06/2016 | 04/03/2016 | FPS Books | |||||
| Dewey Decimal Classification | SCIENCE | SGT Science & Social Sciences Library | SGT Science & Social Sciences Library | Text Book | 30/06/2016 | AHUJA BOOK | 465.00 | SGTU | 6740 | 530.12,GHA | PS1524 | 16/12/2020 | 04/03/2016 | FPS Books | 14 | 19/03/2020 |